Phenanthrenes from Juncus articulatus with Antibacterial and Biofilm Formation Inhibitory Activity

Elmentve itt :
Bibliográfiai részletek
Szerzők: Barta Anita
Salusso Agostina
Kúsz Norbert
Berkecz Róbert
Schlauer Jan
Purger Dragica
Hohmann Judit
Carpinella Maria Cecilia
Vasas Andrea
Dokumentumtípus: Cikk
Megjelent: 2024
Sorozat:JOURNAL OF NATURAL PRODUCTS 87 No. 8
Tárgyszavak:
doi:10.1021/acs.jnatprod.4c00577

mtmt:35166968
Online Access:http://publicatio.bibl.u-szeged.hu/34529
LEADER 01021nab a2200301 i 4500
001 publ34529
005 20240905090023.0
008 240905s2024 hu o 000 eng d
022 |a 0163-3864 
024 7 |a 10.1021/acs.jnatprod.4c00577  |2 doi 
024 7 |a 35166968  |2 mtmt 
040 |a SZTE Publicatio Repozitórium  |b hun 
041 |a eng 
100 1 |a Barta Anita 
245 1 0 |a Phenanthrenes from Juncus articulatus with Antibacterial and Biofilm Formation Inhibitory Activity  |h [elektronikus dokumentum] /  |c  Barta Anita 
260 |c 2024 
300 |a 2068-2080 
490 0 |a JOURNAL OF NATURAL PRODUCTS  |v 87 No. 8 
650 4 |a Általános orvostudomány 
700 0 1 |a Salusso Agostina  |e aut 
700 0 1 |a Kúsz Norbert  |e aut 
700 0 1 |a Berkecz Róbert  |e aut 
700 0 1 |a Schlauer Jan  |e aut 
700 0 1 |a Purger Dragica  |e aut 
700 0 1 |a Hohmann Judit  |e aut 
700 0 1 |a Carpinella Maria Cecilia  |e aut 
700 0 1 |a Vasas Andrea  |e aut 
856 4 0 |u http://publicatio.bibl.u-szeged.hu/34529/2/VA.pdf  |z Dokumentum-elérés